Русские сказки (Запис номер 470288)
[ съкратено ]
| 000 -Лидер | |
|---|---|
| Контролно поле с фиксирана дължина | nkm a22 a 4500 |
| 003 - Код на организацията, давaща контролен номер | |
| Контролно поле | BLK |
| 005 - Дата и час на последна редакция | |
| Контролно поле | 20230407105351.0 |
| 008 - Елементи от данни с фиксирана дължина | |
| fixed length control field | 220812b bu ||||| |||| 00| 0 bu d |
| 040 ## - Източник на каталожния запис | |
| Идентификатор на билиотеката - собственик на записа | BLK |
| 041 ## - Код за език | |
| Код за езика на текст/звукозапис или на отделно заглавие | Руски |
| Код за езика КДБФ | Руски |
| 080 ## - УДК | |
| Текстов определител УДК | Съдържание и форми на работа в предучилищното възпитание и в основното образование. Учебни предмети и учебници за начални и основни училища. 373 |
| УДК код - определител по УДК | 373 |
| УДК - код + определител | 373 |
| 139 ## - Редно поле | |
| Редна дума | Русские сказки |
| 245 ## - Сведения за заглавието | |
| Заглавие | Русские сказки |
| Подзаглавни данни | Выставка рисунков к русским народным сказкам : комплект репродукций |
| Редно поле (дума) | рис. В. Лосина; авт. текста А.А. Агамирова |
| 257 ## - Страна на издаване | |
| Страна на създаване/издаване | СССР |
| 260 ## - Област на издателските данни | |
| 9 (RLIN) | 214299 |
| Място на издаване, разпространение и проч. | Москва |
| Име на издателя, разпространителя и проч. | Малыш |
| Година на издаване | 1978 |
| Издателство - префикс ISBN | 5-213- |
| 300 ## - Физическа характеристика | |
| Страници | 12 с. |
| Илюстрации и др. | с цв. ил. |
| Размери/Мащаб | 42 см |
| Съпровождащи материали | 12 л. ил. в изд. обл. |
| 380 ## - Жанр | |
| Жанр | Детска отраслова лит. |
| 500 ## - Общи забележки | |
| Забележка | Иллюстрации к сказкам. |
| 650 #7 - Допълнително описание по предмет – тема | |
| 9 (RLIN) | 146731 |
| Основно описание – тема или топоним | Албуми |
| 653 #7 - Ключова дума – ненормативна | |
| 9 (RLIN) | 195900 |
| Ключова дума | руски език |
| 653 #7 - Ключова дума – ненормативна | |
| 9 (RLIN) | 188362 |
| Ключова дума | картини |
| 653 #7 - Ключова дума – ненормативна | |
| 9 (RLIN) | 187552 |
| Ключова дума | илюстрации |
| 700 ## - Други автори (авторска отговорност) | |
| 9 (RLIN) | 479288 |
| Лично име | Лосин, Вениамин Николаевич |
| Автороска отговорност (Описва отношението между автора и произведението) | рис. |
| 700 ## - Други автори (авторска отговорност) | |
| 9 (RLIN) | 441957 |
| Лично име | Агамирова, Анна Арменовна |
| Автороска отговорност (Описва отношението между автора и произведението) | текст |
| 852 ## - Местоположение | |
| Систематично-азбучна сигнатура | Цб III 835 |
| 856 ## - Електронен адрес и достъп | |
| Инструкция (цена за достъп) | 0.00 |
| Права за достъп | disable |
| 999 ## - СИСТЕМНИ КОНТРОЛНИ НОМЕРА | |
| Koha biblionumber | 470288 |
| Koha biblioitemnumber | 470288 |
| 942 ## - АРТИКУЛИ | |
| Вид на библиотечния материал | Графични издания |
| Скрит в OPAC | Не |
| Koha issues (borrowed), all copies | 4 |
| Периодичен библиозапис | Да |
| Код за отписване | Код за изгубен артикул | Източник на класификационната схема | Код за повреда | Коз за рестрикции | Код за отдаване | Артикулен № | Име на библиотеката - собственик | Име на библиотеката, в която се намира в момента | Статус (Текущо местоположение) | Дата на вписване в системата | Местоположение - отдел | Цена в лева | Инвентарен номер | Систематично азбучна сигнатура | Баркод | Цена в евро | Служебен тип на артикула |
|---|---|---|---|---|---|---|---|---|---|---|---|---|---|---|---|---|---|
| Не е изгубен | Universal Decimal Classification | Не е повреден | без рестрикции | заемане за дома | 899936 | Регионална библиотека "Любен Каравелов" Русе | Регионална библиотека "Любен Каравелов" Русе | Детски отдел | 2022-08-12 | Детски отдел | 1.18 | 284356 | 373/Р 96 | 120000284356 | 0.60 | Графични издания | |
| Не е изгубен | Universal Decimal Classification | Не е повреден | само за читалня | ползва се в читалня | 899937 | Регионална библиотека "Любен Каравелов" Русе | Регионална библиотека "Любен Каравелов" Русе | Хранилище | 2022-08-12 | Основен фонд - ползва се само за читалня | 1.18 | 284357 | Цб III 835 | 120000284357 | 0.60 | Графични издания |